Top 100 NBA players through the 2020-2021 season - Statistics

General Stats
  • This quiz has been taken 1,482 times
  • The average score is 61 of 100
Answer Stats
# Team Answer % Correct
1 Lakers LeBron James
100%
9 Nets James Harden
99%
2 Nets Kevin Durant
99%
4 Warriors Stephen Curry
99%
10 Lakers Anthony Davis
98%
5 Bucks Giannis Antetokounmpo
98%
11 Mavericks Luka Doncic
98%
7 Nuggets Nikola Jokic
98%
8 Blazers Damian Lillard
97%
50 Grizzlies Ja Morant
97%
6 Sixers Joel Embiid
97%
3 Clippers Kawhi Leonard
97%
16 Celtics Jayson Tatum
96%
12 Nets Kyrie Irving
96%
14 Heat Jimmy Butler
95%
99 Sixers Seth Curry
95%
20 Suns Devin Booker
94%
19 Celtics Jaylen Brown
94%
13 Clippers Paul George
94%
25 Jazz Rudy Gobert
94%
23 Hawks Trae Young
94%
21 Bulls Zach Lavine
92%
17 Jazz Donovan Mitchell
91%
29 Suns Chris Paul
90%
24 Wizards Russell Westbrook
90%
15 Wizards Bradley Beal
87%
26 Spurs Demar DeRozan
86%
30 Timberwolves Karl Anthony-Towns
86%
18 Raptors Pascal Siakam
86%
42 Pelicans Zion Williamson
86%
27 Bucks Khris Middleton
85%
22 Pelicans Brandon Ingram
82%
33 Heat Bam Adebayo
81%
36 Kings De'Aaron Fox
80%
56 Warriors Draymond Green
80%
82 Pelicans Lonzo Ball
78%
35 Blazers CJ McCollum
77%
28 Pacers Domantas Sabonis
76%
32 Sixers Ben Simmons
74%
92 Spurs Dejounte Murray
73%
61 Nuggets Jamal Murray
73%
44 Thunder Shai Gilgeous Alexander
73%
31 Raptors Kyle Lowry
71%
39 Knicks Julius Randle
70%
43 Mavericks Kristaps Porzingis
68%
67 Clippers Lou Williams
68%
69 Bucks Jrue Holiday
66%
46 Raptors Fred VanVleet
65%
97 Rockets John Wall
64%
37 Timberwolves D'Angelo Russell
62%
75 Nets Joe Harris
61%
45 Sixers Tobias Harris
61%
59 Hawks Clint Capela
59%
55 Celtics Marcus Smart
58%
34 Magic Nikola Vucevic
58%
78 Warriors Andrew Wiggins
54%
96 Suns Deandre Ayton
54%
94 Thunder Al Horford
53%
38 Celtics Kemba Walker
52%
51 Jazz Mike Conley
51%
80 Cavaliers Jarrett Allen
49%
49 Blazers Jusuf Nurkic
49%
40 Hornets Gordon Hayward
47%
76 Grizzlies Jaren Jackson Jr
47%
57 Hawks Bogdan Bogdanovic
46%
60 Jazz Bojan Bogdanovic
46%
70 Hawks John Collins
46%
93 Pacers Myles Turner
44%
98 Nuggets Michael Porter Jr.
42%
91 Clippers Nicolas Batum
42%
41 Rockets Victor Oladipo
41%
68 Cavaliers Collin Sexton
40%
84 Bulls Coby White
39%
87 Spurs Derrick White
39%
81 Pelicans Steven Adams
39%
65 Hornets Terry Rozier
39%
71 Kings Buddy Hield
35%
48 Pacers Malcolm Brogdon
35%
66 Pistons Jerami Grant
31%
54 Cavaliers Andre Drummond
30%
53 Pacers Caris Levert
30%
73 Grizzlies Jonas Valanciunas
30%
62 Jazz Jordan Clarkson
30%
58 Spurs Lamarcus Aldridge
30%
74 Nets Spencer Dinwiddie
28%
47 Rockets Christian Wood
27%
88 Raptors OG Anunoby
25%
63 Lakers Dennis Schroder
24%
95 Suns Jae Crowder
21%
83 Raptors Norman Powell
21%
100 Thunder Lugentz Dortz
20%
77 Clippers Marcus Morris
20%
90 Clippers Serge Ibaka
20%
86 Heat Goran Dragic
19%
64 Warriors Kelly Oubre Jr.
18%
52 Hawks Danilo Gallinari
16%
72 Lakers Montrezl Harrell
16%
89 Blazers Robert Covington
13%
85 Hornets Devonte' Graham
11%
79 Timberwolves Malik Beasley
9%
No matching quizzes found
Score Distribution
Percent of People with Each Score
Percentile by Number Answered
Your Score History
You have not taken this quiz